000 00701nam a2200229 a 4500
999 _c2397
_d2397
001 2397
003 BD-JhCC
005 20171107132143.0
008 171101s bg ||||| |||| 00| 0 ben d
020 _a9844612527
035 _a(BD-JhCC)2397
040 _aBD-JhCC
_dBD-JhCC
041 _aben
082 _a891.4435
_bPAR 2006
100 _aপারভেজ, আহমেদ
245 _a১২ জন নোবেল জয়ীর ১২ টি গল্প /
_cআহমেদ পারভেজ
260 _aঢাকা :
_bগতিধারা প্রকাশনী,
_c2006.
300 _a123 p. :
_c21 cm.
650 _aBengali Short Stories
942 _2ddc
_cBK